Los últimos progresos en la identificación de los reincidentes (Registro nro. 90090)

Detalles MARC
000 -LEADER
campo de control de longitud fija 00759nam a2200205 i 4500
001 - NÚMERO DE CONTROL
campo de control 90090
003 - IDENTIFICADOR DE NÚMERO DE CONTROL
campo de control ES-MaACL
005 - FECHA Y HORA DE LA ÚLTIMA TRANSACCIÓN
campo de control 20250103220315.0
007 - CAMPO FIJO DE DESCRIPCIÓN FÍSICA--INFORMACIÓN GENERAL
campo de control de longitud fija t|
008 - DATOS DE LONGITUD FIJA--INFORMACIÓN GENERAL
campo de control de longitud fija 050118s1910 sp ||||1| spa d
100 1# - ENTRADA PRINCIPAL--NOMBRE DE PERSONA
Nombre de persona Lecha-Marzo, Antonio.
9 (RLIN) 71063
245 14 - MENCIÓN DEL TÍTULO
Título Los últimos progresos en la identificación de los reincidentes
Resto del título : dactiloscopia Vucetich y dactiloscopia Olóriz /
Mención de responsabilidad, etc. Antonio Lecha-Marzo.
260 ## - PUBLICACIÓN, DISTRIBUCIÓN, ETC.
Lugar de publicación, distribución, etc. Granada :
Nombre del editor, distribuidor, etc. [s.n.],
Fecha de publicación, distribución, etc. 1910 (
Fabricante Tip. de López Guevara)
300 ## - DESCRIPCIÓN FÍSICA
Extensión 44 p. :
Otras características físicas il. ;
Dimensiones 24 cm.
500 ## - NOTA GENERAL
Nota general III. Monografía de Policía judicial científica publicada por la "Gaceta médica del sur de España"
650 #4 - PUNTO DE ACCESO ADICIONAL DE MATERIA--TÉRMINO DE MATERIA
Término de materia o nombre geográfico como elemento de entrada Dactiloscopia.
9 (RLIN) 151776
852 ## - LOCALIZACIÓN
Ubicación ES-MaACL
Número de control de estantería T-1208-F-14
942 ## - ELEMENTOS DE ENTRADA SECUNDARIOS (KOHA)
Fuente del sistema de clasificación o colocación Clasificación decimal universal
Existencias
Estatus retirado Estado de pérdida Fuente del sistema de clasificación o colocación Estado de daño No para préstamo Colección Biblioteca de origen Biblioteca actual Ubicación en estantería Fecha de adquisición Total de préstamos Signatura topográfica completa Código de barras Visto por última vez Precio de reemplazo Tipo de ítem Koha
    Clasificación decimal universal     Colección de folletos Biblioteca del Ateneo de Madrid Biblioteca del Ateneo de Madrid Depósito folletos 17/01/2008   T-1208-F-14 1094083 23/02/2023 23/02/2023 Folleto